Kybernetika

Uložené v:
Podrobná bibliografia
Médium: Seriál
Jazyk:Czech
Vydavateľské údaje: Praha Academia 1976
Tagy: Pridať tag
Žiadne tagy, Buďte prvý, kto otaguje tento záznam!

MARC

LEADER 00000nas2a22000001 4500
001 0013601
005 20250730114319.2
022 |a 0023-5954 
041 0 |a cze 
044 |a CZ 
245 1 0 |a Kybernetika 
264 1 |a Praha  |b Academia  |c 1976 
300 |a 1 zv. 
773 0 |w eu_un_cat*s120898